In defence of liberalism (Record no. 420283)

000 -LEADER
fixed length control field 00313cam a22001217a 4500
008 - FIXED-LENGTH DATA ELEMENTS--GENERAL INFORMATION
fixed length control field 180718b1962 xxu||||| |||| 00| 0 eng d
082 ## - DEWEY DECIMAL CLASSIFICATION NUMBER
Classification number B231 P193
100 ## - MAIN ENTRY--PERSONAL NAME
Personal name Panikkar, K.M.
245 ## - TITLE STATEMENT
Title In defence of liberalism
Statement of responsibility, etc. by K.M. Panikkar
260 ## - PUBLICATION, DISTRIBUTION, ETC.
Place of publication, distribution, etc. Bombay
Name of publisher, distributor, etc. Asia
Date of publication, distribution, etc. 1962
300 ## - PHYSICAL DESCRIPTION
Extent vi, 135p
650 ## - SUBJECT ADDED ENTRY--TOPICAL TERM
Topical term or geographic name entry element Liberalism.
Holdings
Withdrawn status Lost status Damaged status Not for loan Permanent Location Current Location Date acquired Full call number Barcode Date last seen Price effective from Koha item type
        Indian Institute of Public Administration Indian Institute of Public Administration 2009-07-14 B231 P193 30537 2018-07-21 2018-07-21 Book
        Indian Institute of Public Administration Indian Institute of Public Administration 2009-07-14 B231 P193 30536 2018-07-21 2018-07-21 Book

Powered by Koha